Clic Les fondateurs d'ordres monastiques - Statistiques

Statistiques générales
  • Ce quiz a été pris 11 fois
  • Le résultat moyen est 5 sur 42
Statistiques - réponses
Hint Réponse % Correct
Bénédictins St Benoît de Nursie
67%
Jésuites St Ignace de Loyola
56%
Bernardins Bernard de Clairvaux
44%
Franciscains St François d'Assise
44%
Clarisses Sts François et Claire d'Assise
44%
Guillemites Guillaume de Malavalle
33%
Chartreux St Bruno
33%
Dominicains St Dominique de Guzman
33%
Templiers Hugues de Payns et Godefroy de Saint-Omer
22%
Carmes déchaux St Albert; Ste Thérèse d'Avila
22%
Camilliens St Camille de Lellis.
22%
Annonciades Ste Jeanne de France
22%
Augustins déchaux Ambrogio Staibano
11%
Ursulines Angèle Mérici
11%
Mauristes Louis XIII
11%
Célestins Pierre de Morrone
11%
Cisterciens Robert de Molesmes
11%
Léonardien St Jean Leonardi
11%
Hiéronymites St Jérôme de Stridon
11%
Barnabites Antoine-Marie Zaccaria
0%
Conceptionnistes Béatrice de Silva
0%
Augustins récollets Chapitre général de la province de Castille
0%
Grandmontains Étienne de Muret
0%
Hospitaliers Frère Gérard
0%
Clunisiens Guillaume le Pieux
0%
Hospitaliers du Saint-Esprit Guy de Montpellier
0%
Teutoniques Heinrich Walpot
0%
Augustins Innocent IV
0%
Carmélites de Saint Joseph Marguerite-Marie du Sacré-cœur
0%
Clarisses capucines Marie Laurence Longo
0%
Célestines Marie-Victoire Fornari
0%
Capucins Matthieu de Baschi
0%
Mercédaires Pierre Nolasque
0%
Casadéens Robert de Turlande
0%
Caracciolins St François Caracciolo
0%
Visitandines St François de Sales & Ste Jeanne de Chantal
0%
Théatins St Gaétan de Thiène et Pietro Carafa.
0%
Somasques St Jérôme Emilien
0%
Piaristes St Joseph Calasanz
0%
Camaldules St Romuald
0%
Grands Carmes Sts Berthold, Brocard et Albert
0%
Trinitaires Sts Jean de Matha et Félix de Valois
0%
Aucun quiz correspondant
Distribution des résultats
% des personnes avec chaque résultat
Percentile par nombre de réponses
Votre historique - résultats
Vous n’avez pas pris ce quiz